00685nam a2200193Ia 4500008004100000020001800041041000800059082001300067100001900080245005800099250001200157260002300169300000800192365001700200700001900217906005400236999001900290952018200309230718s9999 xx 000 0 und d a9781935707615 aeng a650bMAN aManhattan GMAT a Critical Reasoning bGMAT Strategy Guide 6  a5th ed. c2012bMG Prep,Inc. a272 cRs.b1523.60 aManhattan GMAT dO:0309117-Oct-2012B:147322-Sep-2012cGENRLb380.9 c331488d331488 00104070aCCEPbCCEPd2012-10-17eTechnical Book ServicesfGENRLg1142.70i1473l1o650pCCEP-BK-42695r2025-01-17 00:00:00s2025-01-03t380.9v1523.60w2012-09-22yBKz042695